| 000 | 01064nam a2200253 a 4500 | ||
|---|---|---|---|
| 001 | 40002 | ||
| 003 | BD-RjUL | ||
| 005 | 20211209053121.0 | ||
| 008 | 160421s1972 bg ||||| |||| 00| 0 ben d | ||
| 020 | _c: Tk. 2.00 | ||
| 035 | _a(BD-RjUL) 40116 | ||
| 040 |
_aBD-RjUL _bben _cBD-RjUL |
||
| 041 | _aben | ||
| 082 |
_223 _a821.09 _bHAK 1972 |
||
| 100 |
_aহাউজম্যান, এ. ই. _9123211 |
||
| 245 | 1 | 0 |
_aকাব্যের স্বভাব / _cএ. ই. হাউজম্যান; অনুবাদ : সিরাজুল ইসলাম চৌধুরী |
| 260 |
_aঢাকা : _bবাংলা একাডেমী, _c১৯৭২ |
||
| 300 |
_a[২], ৭৫ পৃ. ; _c২১ সেমি. |
||
| 500 | _aটীকা সংযুক্ত | ||
| 650 |
_aইংরেজি কবিতা _xইতিহাস ও সমালোচনা _9120448 |
||
| 650 |
_aEnglish poetry _xhistory and criticism _9120449 |
||
| 700 |
_aচৌধুরী, সিরাজুল ইসলাম; অনুবাদ _9123539 |
||
| 942 |
_2ddc _cBK |
||
| 999 |
_c40002 _d40002 |
||